000 00276nam a2200109Ia 4500
008 200302s9999 xx 000 0 und d
100 _aSumathi Ramaswamy
245 _aHusain’s Raj visions of empie and Nation
260 _bMarg Publishing
260 _c2016
300 _a144 P.,
999 _c4986
_d4986